[Event "Swedish Elitserien 2021-22"]
[Site "Sodertalje"]
[Date "2022.05.13"]
[Round "7.1"]
[White "Sorensen, Hampus"]
[Black "Gdanski, Jacek"]
[Result "0-1"]
[WhiteElo "2372"]
[BlackElo "2486"]
[Annotator "TA"]
[PlyCount "86"]
[EventDate "2022.05.13"]
[EventType "team-tourn"]
[EventCountry "SWE"]
[SourceTitle "playchess.com"]
[Source "ChessBase"]
[SourceQuality "1"]

{[%evp 18,86,0,0,0,0,44,43,34,-29,0,0,0,0,0,-20,0,-51,0,0,0,0,1,0,0,0,0,0,0,0,0,-19,0,-45,-40,-46,-36,-120,-134,-125,-123,-143,-164,-168,-170,-168,-81,-303,-295,-235,-306,-420,-415,-404,-356,-441,-441,-420,-420,-762,-697,-694,-631,-798,-770,-876,-876,-739,-737,-677,-668]} 1. e4 {[%emt 0:00:50]} e6 {[%emt 0:00:08]} 2. d4 {[%emt 0:00:16]} d5 {[%emt 0:00:05]} 3. Nc3 {[%emt 0:00:30]} Bb4 {[%emt 0:00:07]} 4. e5 {[%emt 0:00:34]} Ne7 {[%emt 0:00:09]} 5. a3 {[%emt 0:02:20]} Bxc3+ {[%emt 0:01:43]} 6. bxc3 {[%emt 0:00:48]} c5 {[%emt 0:00:05]} 7. Qg4 {[%emt 0:01:06]} O-O {[%emt 0:00:12]} 8. Bd3 {[%emt 0:01:27]} Nbc6 {[%emt 0:00:25]} 9. Bg5 {[%emt 0:01:34]} Qa5 {[%emt 0:07:49]} 10. Ne2 $1 {[%emt 0:01:14]} Ng6 {[%emt 0:05:35] C18: French: 3 Nc3 Bb4: Main line: 7 h4 and 7 Qg4.} 11. O-O {[%emt 0:09:46]} c4 {[%emt 0:01:36]} 12. Bxg6 {[%emt 0:00:52]} fxg6 {[%emt 0:00:05] White is slightly better.} 13. f4 {[%emt 0:09:01]} (13. a4 $14) 13... Bd7 {[%emt 0:00:46] [#]} 14. Rf3 $146 {[%emt 0:03:27]} ({Predecessor:} 14. h4 Rf7 15. h5 gxh5 16. Qxh5 Raf8 17. g4 Be8 18. Qh3 h6 19. Kg2 hxg5 20. Rh1 Rxf4 {0-1 (37) Michalczak,T (2303)-Hintze,H (2291) Playchess.com INT 2003}) 14... Qa4 {[%emt 0:04:13]} 15. Rc1 {[%emt 0:01:18]} Qxa3 {[%emt 0:26:49]} 16. h4 {[%emt 0:17:38]} Rf5 {[%emt 0:09:07]} 17. Qh3 {[%emt 0:13:56]} (17. h5 $11) 17... h5 {[%emt 0:07:36]} ({Black should play} 17... h6 $15 18. Bf6 h5) 18. g4 $11 {[%emt 0:01:48]} hxg4 {[%emt 0:05:37]} 19. Qxg4 {[%emt 0:00:03]} Raf8 {[%emt 0:01:17]} 20. Kf2 {[%emt 0:05:05] h5 is the strong threat.} Be8 {[%emt 0:01:30]} 21. Qg1 {[%emt 0:03:07]} b5 {[%emt 0:13:53]} 22. Ng3 {[%emt 0:04:22]} a5 {[%emt 0:05:32]} 23. Nxf5 {[%emt 0:00:57]} Rxf5 {[%emt 0:00:04]} 24. Kg3 {[%emt 0:12:12]} Qf8 {[%emt 0:02:33][%mdl 1024] Black has compensation.} 25. Rb1 {[%emt 0:03:12]} Rf7 {[%emt 0:02:19]} 26. Kh2 {[%emt 0:04:43]} Rb7 $1 {[%emt 0:00:08]} 27. Qg4 {[%emt 0:00:09]} (27. Ra1 $15) 27... Qf5 $17 {[%emt 0:00:26]} 28. Qxf5 {[%emt 0:00:39]} gxf5 {[%emt 0:00:04]} 29. Kg3 {[%emt 0:01:14]} b4 {[%emt 0:03:26] [#] Hoping for ...b3.} 30. cxb4 {[%emt 0:00:01]} axb4 {[%emt 0:00:06]} 31. c3 {[%emt 0:00:42]} b3 {[%emt 0:00:22]} (31... Ra7 $19 {is more deadly. Threatens to win with ...Bh5.} 32. Rxb4 Nxb4 33. cxb4 Rb7) 32. Kf2 $2 {[%emt 0:00:56] Loses the game.} (32. Rff1 $17) 32... Bh5 $19 {[%emt 0:00:24]} 33. Rg3 {[%emt 0:00:22]} Ra7 {[%emt 0:00:17]} 34. Kf1 {[%emt 0:00:28]} Bg4 {[%emt 0:00:51] aiming for ...Ra2.} 35. Kg1 {[%emt 0:00:14]} Kf7 {[%emt 0:00:28]} 36. Rg2 {[%emt 0:01:01]} Bf3 {[%emt 0:00:08]} 37. Rf2 {[%emt 0:00:13]} Be4 {[%emt 0:00:05]} 38. Rbb2 {[%emt 0:00:12]} (38. Rc1 $142) 38... Bd3 {[%emt 0:01:14] And now ...Ra1+ would win. Black is clearly winning.} 39. Rfd2 {[%emt 0:01:04] [#]} Nxd4 $1 {[%emt 0:01:14][%mdl 512]} 40. Kf2 {[%emt 0:00:07] Against Nf3} (40. cxd4 c3) 40... Nc6 {[%emt 0:01:00]} 41. Rxd3 {[%emt 0:01:39]} cxd3 {[%emt 0:00:32]} 42. Rxb3 {[%emt 0:00:12]} Ra2+ {[%emt 0:00:11]} 43. Ke3 {[%emt 0:00:06]} Na5 {[%emt 0:07:07] Weighted Error Value: White=0.42/Black=0.09 (flawless)} 0-1

[Event "Swedish Elitserien 2021-22"]
[Site "Sodertalje"]
[Date "2022.05.13"]
[Round "7.2"]
[White "Lukez, Franko"]
[Black "Berg, Emanuel"]
[Result "0-1"]
[WhiteElo "2265"]
[BlackElo "2529"]
[Annotator "TA"]
[PlyCount "74"]
[EventDate "2022.05.13"]
[EventType "team-tourn"]
[EventCountry "SWE"]
[SourceTitle "playchess.com"]
[Source "ChessBase"]
[SourceQuality "1"]

{[%evp 26,74,27,22,33,33,60,55,67,61,69,67,58,-49,-6,-9,0,-41,-41,-81,-40,-47,-42,-166,-131,-143,-74,-492,-502,-501,-469,-489,-459,-526,-509,-635,-611,-590,-585,-1543,-1542,-1848,-1806,-1760,-1739,-1705,-1443,-2719,-1439,-29981,-864]} 1. Nf3 {[%emt 0:00:02]} f5 {[%emt 0:01:03]} 2. g3 {[%emt 0:00:22]} Nf6 {[%emt 0:00:24]} 3. Bg2 {[%emt 0:00:13]} g6 {[%emt 0:00:14]} 4. O-O {[%emt 0:00:21]} Bg7 {[%emt 0:00:06]} 5. c4 {[%emt 0:00:24]} O-O {[%emt 0:00:19]} 6. Nc3 {[%emt 0:00:22]} d6 {[%emt 0:00:15]} 7. Rb1 {[%emt 0:00:38]} e5 {[%emt 0:02:33]} 8. d3 {[%emt 0:00:21]} a5 {[%emt 0:06:51]} 9. a3 {[%emt 0:00:44]} h6 {[%emt 0:05:05]} 10. b4 {[%emt 0:03:00]} axb4 {[%emt 0:00:09]} 11. axb4 {[%emt 0:00:13]} g5 {[%emt 0:02:00]} 12. Bb2 {[%emt 0:08:25]} Nc6 {[%emt 0:11:19]} 13. b5 {[%emt 0:00:54]} Ne7 {[%emt 0:00:10]} 14. Ra1 {[%emt 0:00:33]} Rb8 {[%emt 0:07:03] A26: English Opening vs King's Indian with ...Nc6 and d3.} 15. Ra7 {[%emt 0:03:19]} Ng6 {[%emt 0:17:25]} 16. Nd2 {[%emt 0:09:02]} h5 {[%emt 0:04:34] [#] White is slightly better.} 17. Nb3 $146 {[%emt 0:08:32]} ({Predecessor:} 17. Qb3 Kh8 18. Rfa1 h4 19. Ra8 Rxa8 20. Rxa8 Qe7 21. Nd5 Nxd5 22. cxd5 Bh6 23. b6 {½-½ (46) Vuillerme,F (1950)-Lempereur,F (2300) Issy les Moulineaux 1994}) 17... c5 {[%emt 0:11:44]} 18. Qd2 {[%emt 0:21:39]} f4 {[%emt 0:05:43]} 19. b6 {[%emt 0:00:18]} (19. Nd5 $14) 19... Qxb6 {[%emt 0:02:38]} 20. Nb5 {[%emt 0:00:43]} Qd8 {[%emt 0:01:54]} 21. Na5 {[%emt 0:14:52]} Rf7 {[%emt 0:02:51]} 22. e3 {[%emt 0:02:37]} h4 {[%emt 0:02:16][%cal Bh5h4,Bh4h3][%mdl 32]} 23. Re1 {[%emt 0:11:50]} Qb6 $36 {[%emt 0:08:14][%mdl 2048] ...Bd7 is the strong threat. Black has some pressure.} 24. Bc3 {[%emt 0:04:17]} (24. Nb3 $1 $15) 24... h3 {[%emt 0:02:04]} ({Don't take} 24... Bd7 25. Rxb7 Rxb7 26. Nxb7 Bxb5 27. Rb1 $16) 25. Bh1 {[%emt 0:06:10] [#]} Bg4 {[%emt 0:00:41]} ({But not} 25... Bd7 26. Rxb7 Rxb7 27. Nxb7 Bxb5 28. Rb1 $14) (25... d5 $142 $1 {aiming for ...fxg3.} 26. Qb2 e4 27. dxe4 Bd7) 26. Nc6 $2 {[%emt 0:02:07][%mdl 8192]} bxc6 $19 {[%emt 0:00:59]} 27. Ba5 {[%emt 0:00:03]} Qxa7 {[%emt 0:01:12]} ({Stronger than} 27... Rxa7 28. Bxb6 Ra6 29. Bc7 $17) 28. Nxa7 {[%emt 0:00:02]} Rxa7 {[%emt 0:00:06]} 29. Bxc6 {[%emt 0:01:04]} Ne7 {[%emt 0:00:36]} 30. Bb5 {[%emt 0:01:26]} Bf3 {[%emt 0:00:45]} 31. Bc3 {[%emt 0:00:23]} Nf5 {[%emt 0:00:46]} 32. d4 {[%emt 0:00:26]} Ne4 {[%emt 0:01:08]} 33. Qc2 {[%emt 0:00:19]} fxe3 {[%emt 0:00:39]} 34. fxe3 {[%emt 0:00:54]} exd4 {[%emt 0:00:23]} 35. Bc6 {[%emt 0:00:51]} dxc3 {[%emt 0:02:34]} 36. Bxe4 {[%emt 0:00:02]} Rb2 {[%emt 0:00:15]} 37. Bd5+ {[%emt 0:00:19]} Bxd5 {[%emt 0:00:09] Weighted Error Value: White=1.31/Black=0.43} 0-1

[Event "Swedish Elitserien 2021-22"]
[Site "Sodertalje"]
[Date "2022.05.13"]
[Round "7.3"]
[White "Agrest, Inna"]
[Black "Vernersson, Per"]
[Result "0-1"]
[WhiteElo "2265"]
[BlackElo "2260"]
[Annotator "TA"]
[PlyCount "82"]
[EventDate "2022.05.13"]
[EventType "team-tourn"]
[EventCountry "SWE"]
[SourceTitle "playchess.com"]
[Source "ChessBase"]
[SourceQuality "1"]

{[%evp 9,82,-8,20,18,23,12,56,31,52,-10,0,-18,-13,-19,-11,-11,-6,-2,27,27,44,27,25,27,29,16,44,67,45,28,66,72,254,-83,-81,-353,-259,-235,-225,-428,-457,-447,-445,-449,-449,-423,-443,-440,-441,-708,-720,-712,-416,-437,-350,-350,-350,-412,-399,-384,-368,-359,-340,-630,-625,-612,-614,-566,-435,-1901,-1891,-29993,-29994,-29994,-29995]} 1. e4 {[%emt 0:00:11]} c6 {[%emt 0:00:09]} 2. d4 {[%emt 0:00:10]} d5 {[%emt 0:00:08]} 3. f3 {[%emt 0:00:20]} e6 {[%emt 0:03:07]} 4. Nc3 {[%emt 0:01:19]} Nf6 {[%emt 0:00:44]} 5. Be3 {[%emt 0:14:50]} Bb4 {[%emt 0:03:33]} 6. e5 {[%emt 0:06:13] B12: Caro-Kann: Advance Variation.} Nfd7 {[%emt 0:02:49]} 7. f4 {[%emt 0:00:23] is the legacy move (7.a3).} Be7 {[%emt 0:13:49] [#]} 8. Qg4 $146 {[%emt 0:05:24] White is slightly better.} ({Predecessor:} 8. Nf3 b6 9. Bd3 Ba6 10. O-O c5 11. g4 Bxd3 12. Qxd3 c4 13. Qd2 a6 14. f5 Nf8 15. Ne2 {1-0 (31) Bakhteev,B (1868)-Trifonov,V Tambov 2018}) 8... g6 {[%emt 0:02:14]} 9. O-O-O {[%emt 0:00:50]} (9. Nf3 $14) 9... b5 $11 {[%emt 0:12:27][%cal Bb7b5,Bb5b4][%mdl 32]} 10. Kb1 {[%emt 0:10:57]} b4 {[%emt 0:04:28]} 11. Nce2 {[%emt 0:07:02]} a5 $1 {[%emt 0:03:02]} 12. h4 {[%emt 0:08:15]} h5 {[%emt 0:03:35]} 13. Qg3 {[%emt 0:01:56][%cal Of4f5]} a4 {[%emt 0:04:38]} 14. f5 $36 {[%emt 0:04:50][%mdl 2048] White has some pressure.} exf5 {[%emt 0:02:45]} 15. e6 $1 {[%emt 0:00:50] aiming for Nf3.} Nf6 {[%emt 0:05:29]} 16. exf7+ {[%emt 0:01:51]} Kxf7 {[%emt 0:00:23]} 17. Nf3 {[%emt 0:03:35] Strongly threatening Ne5+.} (17. Nf4 Rg8 18. Nf3 Bd6 $15) 17... Rg8 {[%emt 0:07:36]} 18. Ne5+ {[%emt 0:02:45][%mdl 1024] White has compensation.} Ke8 {[%emt 0:01:00]} 19. Nf4 {[%emt 0:03:10]} (19. Nxg6 Bd6 20. Nef4 a3 $17) 19... Ne4 {[%emt 0:01:26]} 20. Qf3 {[%emt 0:01:15]} Qd6 {[%emt 0:04:05]} (20... a3 $16 21. b3 Bf6) 21. Bd3 $2 {[%emt 0:08:29] [#]} ({White must play} 21. Nfxg6 $1 $18 {And now Bd3 would win.} a3 22. Nxe7 (22. Qxh5 Nf6 $16) 22... Qxe7 23. Qxh5+ Kd8 24. Bd3) 21... Nd7 $1 $17 {[%emt 0:01:56]} 22. Nxh5 $2 {[%emt 0:09:02][%mdl 8192]} Nxe5 {[%emt 0:00:41]} 23. dxe5 {[%emt 0:00:03]} Qxe5 {[%emt 0:00:23] Chess con chili.} 24. Bf4 $2 {[%emt 0:02:03]} (24. Qf4 Qe6 25. Bxe4 fxe4 26. Ng3) 24... Qh8 $19 {[%emt 0:03:31]} 25. Ng3 {[%emt 0:00:26][%cal Rg3e4]} a3 {[%emt 0:00:37][%csl Ga3][%cal Rh8b2]} 26. Bc1 {[%emt 0:02:41][%cal Rg3e4]} axb2 {[%emt 0:02:06]} 27. Bxb2 {[%emt 0:01:54] [#]} Nc3+ $1 {[%emt 0:01:33]} 28. Bxc3 {[%emt 0:00:44]} Qxc3 {[%emt 0:00:50]} ({Wrong is} 28... bxc3 $2 29. Bc4 $17) 29. Be2 {[%emt 0:01:48]} (29. Rde1 $142 Qa3 30. Qe3) 29... Bf6 {[%emt 0:01:04][%csl Gf6][%cal Rc3a1]} 30. Qxc3 {[%emt 0:00:14]} Bxc3 {[%emt 0:00:41]} 31. Bf3 {[%emt 0:01:46]} Rg7 {[%emt 0:02:16][%cal Oa8a2]} 32. Ne2 {[%emt 0:00:23]} Be6 {[%emt 0:01:47] Hoping for ...Rga7. A strong pair of Bishops.} 33. h5 {[%emt 0:00:50]} g5 {[%emt 0:02:45]} 34. h6 {[%emt 0:00:05]} Rh7 {[%emt 0:00:13] Threatens to win with ...g4.} 35. Bh5+ {[%emt 0:00:40]} Ke7 {[%emt 0:00:32]} 36. Nxc3 $2 {[%emt 0:00:38]} (36. Bg6 Rhh8 37. Rdf1) 36... bxc3 {[%emt 0:00:14]} 37. Bg6 {[%emt 0:00:22]} Rhh8 {[%emt 0:00:12] ( -> ...Rhb8+)} 38. Rh3 {[%emt 0:00:26]} Kf6 {[%emt 0:00:43]} 39. Re1 {[%emt 0:00:42]} (39. Rxc3 $142 Rxh6 40. Bxf5 Kxf5 41. Rxc6) 39... d4 {[%emt 0:00:23]} 40. Bh5 {[%emt 0:00:26]} Bxa2+ {[%emt 0:00:10]} 41. Kc1 {[%emt 0:00:07]} Bc4 {[%emt 0:00:09] Weighted Error Value: White=0.87/Black=0.30} 0-1

[Event "Swedish Elitserien 2021-22"]
[Site "Sodertalje"]
[Date "2022.05.13"]
[Round "7.4"]
[White "Krantz, Christopher"]
[Black "Wengholm, Anders"]
[Result "0-1"]
[WhiteElo "2252"]
[BlackElo "2209"]
[Annotator "TA"]
[PlyCount "104"]
[EventDate "2022.05.13"]
[EventType "team-tourn"]
[EventCountry "SWE"]
[SourceTitle "playchess.com"]
[Source "ChessBase"]
[SourceQuality "1"]

{[%evp 19,104,22,24,0,0,2,1,-41,-58,-49,-18,-16,0,0,0,-14,-18,-38,-36,-45,-50,-63,4,-83,-84,-70,-64,-161,-81,-110,-31,-149,-141,-145,-146,-146,-146,-147,-152,-152,-152,-151,-145,-146,-139,-217,-187,-252,-214,-413,-387,-446,-447,-448,-433,-506,-514,-507,-485,-535,-482,-689,-682,-645,-625,-866,-820,-6084,-5718,-2140,-1860,-29986,-29987,-29987,-29985,-29986,-29987,-29987,-29982,-29980,-2544,-29991,-29992,-29992,-29993,-29993,-29994]} 1. d4 {[%emt 0:00:02]} d6 {[%emt 0:01:38]} 2. e4 {[%emt 0:01:33]} Nf6 {[%emt 0:00:09]} 3. Nc3 {[%emt 0:00:16]} g6 {[%emt 0:00:06]} 4. g3 {[%emt 0:00:24]} Bg7 {[%emt 0:00:21]} 5. Bg2 {[%emt 0:00:07]} O-O {[%emt 0:00:15]} 6. Nge2 {[%emt 0:00:13]} e5 {[%emt 0:00:21]} 7. O-O {[%emt 0:01:47]} c6 {[%emt 0:00:10]} 8. h3 {[%emt 0:08:32]} b5 {[%emt 0:04:28]} 9. a3 {[%emt 0:00:28]} a6 {[%emt 0:02:45]} 10. Be3 {[%emt 0:02:42]} Nbd7 {[%emt 0:02:35][%cal Bb8d7,Bd7b6,Bb6c4][%mdl 32]} 11. f4 {[%emt 0:08:05] B07: Pirc Defence: Miscellaneous Systems.} exd4 {[%emt 0:06:49]} 12. Bxd4 {[%emt 0:05:15] [#]} Bb7 $146 {[%emt 0:00:49]} ({Predecessor:} 12... Qc7 13. Kh2 Bb7 14. Qd2 Rfe8 15. Rad1 Rad8 16. Rfe1 c5 17. Bxf6 Nxf6 18. Ng1 b4 {0-1 (40) Ibanez Sanz,V-Malo Guillen,J (2211) Aragon 2014}) 13. Qd2 {[%emt 0:13:10] The position is equal.} Re8 {[%emt 0:18:13]} 14. Bf2 {[%emt 0:03:07]} Nb6 {[%emt 0:12:21] White must now prevent ...Nc4.} 15. Rad1 {[%emt 0:04:05]} Nc4 {[%emt 0:02:10]} 16. Qc1 {[%emt 0:00:16]} Qc7 {[%emt 0:00:22] ...c5 is the strong threat.} 17. b3 {[%emt 0:07:23]} Nb6 {[%emt 0:00:17]} 18. Rfe1 {[%emt 0:06:18]} c5 {[%emt 0:06:25][%cal Rf6e4]} 19. Qd2 {[%emt 0:06:43]} Rad8 {[%emt 0:02:40][%cal Rb7e4]} ({Don't do} 19... Nxe4 20. Nxe4 Bxe4 21. Qxd6 Qxd6 22. Rxd6 $11) 20. Qd3 {[%emt 0:05:32]} Bc6 {[%emt 0:10:24]} (20... h5 $15) 21. Nd5 {[%emt 0:06:17]} (21. g4 $11) 21... Nbxd5 $17 {[%emt 0:03:15]} 22. exd5 {[%emt 0:00:06]} Bd7 {[%emt 0:00:09]} 23. Kh2 {[%emt 0:09:27]} ({White should try} 23. g4 $15) 23... Qa5 {[%emt 0:05:08]} (23... Bf5 $19 24. Qd2 h5) 24. g4 {[%emt 0:02:28]} h5 {[%emt 0:06:50]} (24... Qxa3 $17 25. Ng3 h6) 25. g5 {[%emt 0:00:49]} (25. f5 $1 $15) 25... Bf5 {[%emt 0:00:09]} 26. Qd2 {[%emt 0:00:37]} Qxd2 {[%emt 0:03:11] Black is more active.} 27. Rxd2 Ne4 28. Bxe4 Rxe4 29. Ng3 Rxe1 ({Inferior is} 29... Rxf4 30. Be3 Rf3 31. Kg2 Rxg3+ 32. Kxg3 $17) 30. Bxe1 Re8 $1 $36 {[%mdl 2048] Black is really pushing.} 31. Nxf5 gxf5 {[%mdl 4096] Endgame KRB-KRB} 32. Bg3 (32. Bf2 $17 {was necessary.}) 32... Re4 $19 33. Kg1 (33. Kg2 $142) 33... Bb2 34. c4 $2 (34. Bf2) 34... Bxa3 35. Ra2 {[#]} b4 {aiming for ...Re3.} 36. Kf2 a5 {[%cal Oa5a4]} 37. Ra1 Kf8 38. Kf3 Ke7 {[%cal Oa5a4]} 39. Bf2 Kd7 40. Be3 (40. Re1 $142 a4 41. Rxe4 fxe4+ 42. Kxe4 axb3 43. Kd3) 40... a4 41. bxa4 Rxc4 {[%cal Ob4b3] And now ...b3! would win.} 42. Ke2 {[#]} b3 $1 {Threatens to win with ...b2.} 43. a5 (43. Rxa3 b2) 43... b2 44. Rb1 Rc1 45. a6 Rxb1 46. a7 {[#]} Re1+ $3 47. Kf2 (47. Kxe1 b1=Q+) 47... b1=Q 48. a8=Q Rf1+ 49. Kg2 {[#]} Qb5 50. Qxa3 Qe2+ {Black mates.} 51. Kg3 Rf3+ 52. Kh4 Qe1+ {Weighted Error Value: White=0.93/Black=0.27 (precise)} 0-1

[Event "Swedish Elitserien 2021-22"]
[Site "Sodertalje"]
[Date "2022.05.13"]
[Round "7.5"]
[White "Rasti, Arvin"]
[Black "Malesevic, Nedeljko"]
[Result "0-1"]
[WhiteElo "2161"]
[BlackElo "2207"]
[Annotator "TA"]
[PlyCount "68"]
[EventDate "2022.05.13"]
[EventType "team-tourn"]
[EventCountry "SWE"]
[SourceTitle "playchess.com"]
[Source "ChessBase"]
[SourceQuality "1"]

{[%evp 9,68,23,23,20,25,20,43,17,33,23,36,34,28,27,98,7,15,0,0,0,14,5,12,16,8,6,58,52,58,65,56,65,60,69,81,82,96,95,196,196,201,158,143,143,168,166,175,171,177,47,47,59,123,-506,-506,-791,-791,-754,-791,-664,-664]} 1. e4 {[%emt 0:00:42]} c6 {[%emt 0:00:11]} 2. d4 {[%emt 0:00:45]} d5 {[%emt 0:00:10]} 3. e5 {[%emt 0:00:07]} c5 {[%emt 0:00:24]} 4. dxc5 {[%emt 0:00:19]} e6 {[%emt 0:00:19]} 5. Nf3 {[%emt 0:00:14]} Bxc5 {[%emt 0:00:27]} 6. Bd3 {[%emt 0:00:46] B12: Caro-Kann: Advance Variation.} Ne7 $1 {[%emt 0:04:43][%mdl 4] now scores much better than the old 6...Nc6.} 7. O-O {[%emt 0:01:22]} a6 {[%emt 0:01:39]} 8. a3 {[%emt 0:02:58] White is slightly better.} Nd7 {[%emt 0:07:00] [#]} 9. Qe2 $146 {[%emt 0:07:59]} ({Predecessor:} 9. b4 Ba7 10. Bb2 b5 11. a4 bxa4 12. c4 dxc4 13. Bxc4 O-O 14. Qe2 Bb7 15. Nbd2 {0-1 (28) Pinheiro,I (2320)-Csonka,B (2474) Chess.com INT 2022}) 9... Qc7 {[%emt 0:05:30]} 10. b4 {[%emt 0:05:45]} Ba7 {[%emt 0:02:25]} 11. Bb2 {[%emt 0:06:15]} Nc6 {[%emt 0:28:21]} (11... Ng6 $11) 12. Nbd2 {[%emt 0:04:00]} ({White should play} 12. c4 $1 $16) 12... b5 $11 {[%emt 0:02:01]} 13. Nb3 {[%emt 0:07:44]} h6 {[%emt 0:03:45]} 14. Nbd4 {[%emt 0:07:23]} Nxd4 {[%emt 0:06:43]} (14... Ncxe5 15. Nxe6 $1 {[%mdl 512]} fxe6 16. Nxe5 (16. Bxe5 Nxe5 17. Nxe5 O-O $14) 16... Nxe5 17. Bxe5 $16 (17. Qxe5 Qxe5 18. Bg6+ Ke7 $14)) 15. Nxd4 {[%emt 0:01:27]} Qxe5 {[%emt 0:04:18]} 16. Qxe5 {[%emt 0:08:36]} (16. Nxb5 $2 Qxe2 17. Bxe2 (17. Nd6+ $2 Ke7 $19) 17... axb5 $19) 16... Nxe5 {[%emt 0:00:12]} 17. Nxe6 $1 {[%emt 0:01:17]} Nf3+ {[%emt 0:06:33]} (17... Bxe6 $11 18. Bxe5 f6) 18. gxf3 $14 {[%emt 0:00:07]} fxe6 {[%emt 0:00:12]} 19. a4 $1 {[%emt 0:05:44]} (19. Bxg7 $2 Rg8 20. Kh1 (20. Bg6+ $2 Ke7 $19) 20... Rxg7 $19) 19... bxa4 {[%emt 0:08:56]} 20. Rxa4 {[%emt 0:02:02]} O-O {[%emt 0:01:06]} 21. Kg2 {[%emt 0:00:26]} Bb7 {[%emt 0:04:33]} 22. Re1 {[%emt 0:02:24]} Kf7 {[%emt 0:02:56]} 23. Rea1 {[%emt 0:01:42]} Rac8 {[%emt 0:02:08]} (23... Bb6 $16 {was necessary.}) 24. b5 $18 {[%emt 0:01:21]} ({Worse is} 24. Bxa6 Rxc2 25. Be5 (25. Bxb7 Bxf2 26. Kf1 Rxb2 $17) 25... Bxa6 26. Rxa6 Bxf2 $17) 24... a5 {[%emt 0:00:10]} 25. Rf4+ {[%emt 0:03:41]} Kg8 {[%emt 0:00:37]} 26. Rxf8+ {[%emt 0:01:14]} Rxf8 {[%emt 0:00:39]} 27. Rxa5 {[%emt 0:02:15]} Bb6 {[%emt 0:00:19]} 28. Ra4 {[%emt 0:01:26]} d4 {[%emt 0:02:02][%cal Bd5d4,Bd4d3][%mdl 32]} 29. Be2 {[%emt 0:04:39]} (29. Bxd4 $18 Rxf3 30. Kf1 (30. Bxb6 Rf4+ 31. Be4 Bxe4+ 32. Kg3 Rf3+ 33. Kg4 h5+ 34. Kxh5 Bxc2 $14)) 29... e5 $14 {[%emt 0:00:55]} 30. Ba3 {[%emt 0:01:57]} Rf4 {[%emt 0:01:27] [#]} (30... Rf6 $14) 31. Bd6 $2 {[%emt 0:02:36][%mdl 8192] [#] This costs White the game.} (31. Rc4 $1 $16 {keeps the pressure on.}) 31... d3 $1 $19 {[%emt 0:00:40][%mdl 64] Discovered Attack. Black is clearly winning.} 32. Rxf4 {[%emt 0:06:46]} (32. Bxd3 $142 Rxa4 33. Bxe5) 32... dxe2 {[%emt 0:00:27]} 33. Rf8+ {[%emt 0:00:40]} Kh7 {[%emt 0:00:05]} 34. Bb4 {[%emt 0:00:05] [#]} Bc5 $1 {[%emt 0:00:06][%mdl 512] Weighted Error Value: White=0.42/Black=0.16 (very precise)} 0-1